Fotos Combo ICE

Tallennettuna:
Bibliografiset tiedot
Aineistotyyppi: Teksti
Julkaistu: [San José]: s.n.
Aiheet:
Tagit: Lisää tagi
Ei tageja, Lisää ensimmäinen tagi!

MARC

LEADER 00000 a a2200000 04500
001 33183
003
040
090 |a 206700  
245 |a Fotos Combo ICE  
260 |a [San José]:   |b s.n.  
300 |a 1 disco óptimo de computador   |b il.  
650 |a MOVIMIENTOS SOCIALES  
650 |a FOTOS  
650 |a COSTA RICA  
650 |a COMBO  
999 |c 15691  |d 15691